Tulu vyakarana: alankara, chandassu, prabandha, patralekhana arthagrahana bokka anuvada (Record no. 124108)
[ view plain ]
| 000 -LEADER | |
|---|---|
| fixed length control field | 03183nam a2200205Ia 4500 |
| 003 - CONTROL NUMBER IDENTIFIER | |
| control field | OSt |
| 005 - DATE AND TIME OF LATEST TRANSACTION | |
| control field | 20250806120044.0 |
| 008 - FIXED-LENGTH DATA ELEMENTS--GENERAL INFORMATION | |
| fixed length control field | 210210b2019 xxu||||| |||| 00| 0 eng d |
| 040 ## - CATALOGING SOURCE | |
| Transcribing agency | AL |
| 041 ## - LANGUAGE CODE | |
| Language code of text/sound track or separate title | Kannada/Tulu |
| 082 ## - DEWEY DECIMAL CLASSIFICATION NUMBER | |
| Classification number | T494.5 KOTT |
| 100 ## - MAIN ENTRY--PERSONAL NAME | |
| Personal name | KOTRAYYA (I M) |
| Dates associated with a name | ಕೊಟ್ರಯ್ಯ (ಐ ಎಂ) |
| 9 (RLIN) | 234228 |
| 245 ## - TITLE STATEMENT | |
| Title | Tulu vyakarana: alankara, chandassu, prabandha, patralekhana arthagrahana bokka anuvada |
| Remainder of title | ತುಳು ವ್ಯಾಕರಣ: ಅಲಂಕಾರ, ಛಂದಸ್ಸು, ಪ್ರಬಂಧ, ಪತ್ರಲೇಖನ ಅರ್ಥಗ್ರಹಣ ಬೊಕ್ಕ ಅನುವಾದ |
| 260 ## - PUBLICATION, DISTRIBUTION, ETC. | |
| Place of publication, distribution, etc. | Mangaluru |
| Name of publisher, distributor, etc. | Karnataka Tulu Sahitya Academy |
| Date of publication, distribution, etc. | 2019 |
| 300 ## - PHYSICAL DESCRIPTION | |
| Extent | 144 |
| 520 ## - SUMMARY, ETC. | |
| Summary, etc. | ಐನ್ ದ್ರಾವಿಡ ಬಾಸೆಲೆಡ್ ತುಳುಲಾ ಒಂಜಿ. ತುಳುಬಾಸೆಗ್ ಸುಮಾರ್ 2500 ವರ್ಸೊದ ಇತಿಹಾಸೊ ಉಂಡು. ಎಚ್ಚಿನ ತುಳುಸಾಹಿತ್ಯೋಲು ಪಾತೆರ್ಪಿ ಬಾಸೆ ಆದೇ ಇತ್ತ್ಂಡ್. ಅವು ಬರವುಡು ತೋಜಿದ್ ಬತ್ತನೆ 170 ವರ್ಸೊಲ್ಡ್ ಇಂಚಿಗ್. ಅವುಲಾ ಬಾಸೆಲ್ ಮಿಷನರಿ ದಕುಲು ತುಳುನಾಡ್ಗ್ ಬತ್ತದ್ ತುಳುಕ್ಕೊಂಜಿ ಬರವುದ ಒರುನು ಕೊರಿಬೊಕ್ಕನೆ. ಇಂಚ ಪಾತೆರ್ಪಿ ಬಾಸೆಡೇ ಇತ್ತಿನ ತುಳು ಬರವುದ ಬಾಸೆಯಾದ್ ಬನ್ನಗ ಮಾತ ಬಾಸೆದಲೆಕ್ಕೊನೆ ಅಯಿಕ್ಕಲಾ ಒಂಜಿ ವ್ಯಾಕರಣೆ ಬೋಡು. 150 ವರ್ಸೊಲ್ಡ್ ಐನ್ ತುಳು ವ್ಯಾಕರಣೆ ಬೂಕುಲು ಪ್ರಕಟ ಆತ್ಂಡ್. ಅಯಿಟ್ ಒಂಜೆಟ್ಲಾ ಪೂರಾ ವ್ಯಾಕರಣ ವಿಷಯೊಲೆನ್ ವಿವರಿಸಾದಿಜೆರ್. ಕೊರ್ತಿನ ಕೆಲವು ಇಸಯೊಲೆನ್ಲಾ ಒರಿಯೊರಿ ಅಕುಲು ತೆರಿಲೆಕ್ಕೊ ಬರೆತೆರ್. ಒಂಜಿ ಬೂಕುಡ್ಲಾ ಏಕತಾನತೆ ಇಜ್ಜಿ, ದಕ್ಷಿಣ ಕನ್ನಡ, ಉಡುಪಿ ಜಿಲ್ಲೆಲೆನ ಶಾಲೆಲೆಡ್ ತುಳುಬಾಸೆನ್ 3ನೇ ಬಾಸೆಯಾದ್ ಕಲ್ಪಾವೊಂದುಲ್ಲೆರ್. ಮಂಗಳೂರು ವಿಶ್ವವಿದ್ಯಾನಿಲಯದಕ್ಷು ತುಳು ಎಂ.ಎ. ಪದವಿ ತರಗತಿನ್ ಸುರುಮಲ್ಪೆರ್. ಅಯಿತ ಪಠ್ಯಡ್ಲಾ ಪೂರ್ತಿ ವ್ಯಾಕರಣೆ ಇಸಯೊಲಿಜ್ಜಿ. ಉಂದು ಬಾರಿ ಬೇಜಾರ್ದ ಸಂಗತಿ. ಸಂವಿಧಾನೊಡು ತುಳುಬಾಸೆ ಸ್ಥಾನ ಪಡೆಯೊಡಾಂಡ ತುಳು ಒಂಜಿ ಶಿಷ್ಟಬಾಸೆ ಆದ್ ಬುಳೆಪುನ ಅಗತ್ಯ ಉಂಡು. ತುಳು ಶಿಷ್ಟಬಾಸೆ ಆವೋಡಾಂಡ ಅಯಿಕ್ ವ್ಯಾಕರಣ ಅಗತ್ಯ ಬೋಡು. |
| 690 ## - LOCAL SUBJECT ADDED ENTRY--TOPICAL TERM (OCLC, RLIN) | |
| Topical term or geographic name as entry element | Tulu Grammar |
| 9 (RLIN) | 234238 |
| 906 ## - LOCAL DATA ELEMENT F, LDF (RLIN) | |
| a | 074313 |
| 942 ## - ADDED ENTRY ELEMENTS (KOHA) | |
| Source of classification or shelving scheme | Dewey Decimal Classification |
| Koha item type | Book |
| Withdrawn status | Lost status | Source of classification or shelving scheme | Damaged status | Not for loan | Collection code | Home library | Current library | Shelving location | Date acquired | Source of acquisition | Cost, normal purchase price | Total Checkouts | Full call number | Barcode | Date last seen | Price effective from | Koha item type |
|---|---|---|---|---|---|---|---|---|---|---|---|---|---|---|---|---|---|
| Dewey Decimal Classification | Tulu | St Aloysius Library | St Aloysius Library | Stack Section | 02/17/2021 | Karnataka tulu sahitya akademi, Mangaluru. | 175.00 | T494.5 KOTT | 074313 | 02/17/2021 | 02/17/2021 | Book |